[Event "Cto Aragon Equipos 2016 Pref Gr II"]
[Site "Aragon"]
[Date "2016.02.20"]
[Round "4.54"]
[White "Alonso Blasco, Jose Miguel"]
[Black "Delgado Crespo, Mairelys"]
[Result "0-1"]
[WhiteElo "2064"]
[BlackElo "2256"]
[PlyCount "136"]
[EventDate "2016.01.30"]
[WhiteTeam "Las Fuentes"]
[BlackTeam "Jaime Casas B"]

1. e4 e6 2. d4 d5 3. Nd2 a6 4. Ngf3 c5 5. exd5 exd5 6. Be2 Nc6 7. dxc5 Bxc5 8.
Nb3 Bb6 9. c3 Nf6 10. O-O Qd6 11. Bg5 Ne4 12. Bh4 O-O 13. Bg3 Nxg3 14. hxg3
Qxg3 15. Qxd5 Rd8 16. Qg5 Qxg5 17. Nxg5 Ne5 18. Nf3 Bg4 19. Nxe5 Bxe2 20. Rfe1
Bb5 21. Nf3 Re8 22. Rxe8+ Rxe8 23. Re1 Rxe1+ 24. Nxe1 f6 25. Nf3 Kf7 26. Nfd4
Bc4 27. a3 h5 28. g3 g5 29. Kg2 Bd5+ 30. Kg1 h4 31. gxh4 gxh4 32. Nd2 Kg6 33.
Kh2 Kg5 34. Kh3 Bxd4 35. cxd4 Be6+ 36. Kh2 Kf4 37. Kg2 Kg4 38. Kh2 Bd5 39. Kg1
Kf4 40. Kh2 Be6 41. Kg2 Bg4 42. Kh2 Bd7 43. Kg2 Kf5 44. Kh3 Kg5+ 45. Kh2 Kg6
46. Nf3 Kf5 47. Nd2 Ke6 48. Ne4 Ke7 49. Nd2 Bf5 50. Nf3 h3 51. Ng1 Kd6 52. Nxh3
Kd5 53. Nf4+ Kxd4 54. Nh5 Kc4 55. Nxf6 Kb3 56. Nd5 Kxb2 57. Ne3 Be6 58. a4 Kb3
59. f4 Kxa4 60. f5 Bf7 61. Ng4 Kb3 62. Ne5 Bd5 63. f6 a5 64. f7 Bxf7 65. Nxf7
a4 66. Nd6 a3 67. Nxb7 a2 68. Nc5+ Kc4 0-1

[Event "Cto Aragon Equipos 2016 Pref Gr II"]
[Site "Aragon"]
[Date "2016.02.20"]
[Round "4.55"]
[White "Rodriguez Leiva, Manuel"]
[Black "Querol Soro, Sergio"]
[Result "1/2-1/2"]
[WhiteElo "1937"]
[BlackElo "1963"]
[PlyCount "199"]
[EventDate "2016.01.30"]
[WhiteTeam "Jaime Casas B"]
[BlackTeam "Las Fuentes"]

1. c4 Nf6 2. d4 g6 3. Nc3 d5 4. Nf3 Bg7 5. Bg5 Ne4 6. e3 Nxg5 7. Nxg5 e5 8. Nf3
exd4 9. exd4 dxc4 10. Bxc4 O-O 11. O-O Bg4 12. h3 Bxf3 13. Qxf3 Nc6 14. Ne2
Nxd4 15. Qxb7 Rb8 16. Qxa7 Rxb2 17. Qa6 Nxe2+ 18. Bxe2 Qd2 19. Bf3 Rb6 20. Qc4
Bxa1 21. Rxa1 Rb2 22. a4 Qxf2+ 23. Kh1 Re8 24. Qxc7 Ra2 25. Rxa2 Qxa2 26. a5
Re1+ 27. Kh2 Ra1 28. Bd5 Qf2 29. a6 Qg1+ 30. Kg3 Ra3+ 31. Bf3 Qa1 32. Kh2 Rxa6
33. Bd5 Rf6 34. Bf3 Qd4 35. Qg3 Kg7 36. Qe1 Ra6 37. Qe4 Qd6+ 38. g3 Ra2+ 39.
Bg2 Qf6 40. h4 h5 41. Kg1 Qf2+ 42. Kh2 Re2 43. Qd5 Qf6 44. Qd3 Qf2 45. Qd5 Qf6
46. Qd3 Re5 47. Qf3 Qxf3 48. Bxf3 f5 49. Kg2 Kf6 50. Kf2 Ra5 51. Bc6 g5 52. Be8
gxh4 53. gxh4 f4 54. Kf3 Kf5 55. Bxh5 Ra3+ 56. Kf2 Rh3 57. Be8 Rxh4 58. Kf3
Rh3+ 59. Kf2 Ke4 60. Bc6+ Ke5 61. Bb7 Rb3 62. Bc6 Rb2+ 63. Kf3 Rb1 64. Kf2 Kd4
65. Bd7 Rc1 66. Be8 Rc8 67. Bg6 Rg8 68. Bf7 Rg3 69. Be8 Ke4 70. Bc6+ Kd3 71.
Bb5+ Kd2 72. Bd7 Re3 73. Bg4 Kd3 74. Bf3 Re7 75. Bh5 Ke4 76. Bg6+ Ke5 77. Bd3
Ra7 78. Bg6 Kf6 79. Be4 Kg5 80. Bd5 Ra6 81. Bb7 Rb6 82. Bc8 Rc6 83. Bd7 Rc7 84.
Be6 Kf6 85. Bg4 Ke5 86. Bh5 Kf6 87. Kf3 Kg5 88. Be8 Rc3+ 89. Kf2 Rc2+ 90. Kf3
Rc3+ 91. Kf2 Kh4 92. Bd7 f3 93. Be6 Ra3 94. Bd7 Rc3 95. Be6 Ra3 96. Bd7 Rc3 97.
Be6 Rd3 98. Bf5 Ra3 99. Be6 Rc3 100. Bd7 1/2-1/2

[Event "Cto Aragon Equipos 2016 Pref Gr II"]
[Site "Aragon"]
[Date "2016.02.20"]
[Round "4.56"]
[White "Mombiela De Sus, Jose Luis"]
[Black "Buil Rello, Jose Antonio"]
[Result "1/2-1/2"]
[WhiteElo "1926"]
[BlackElo "1879"]
[PlyCount "80"]
[EventDate "2016.01.30"]
[WhiteTeam "Las Fuentes"]
[BlackTeam "Jaime Casas B"]

1. c4 Nf6 2. g3 d6 3. Bg2 Nbd7 4. Nc3 e5 5. e4 Be7 6. Nge2 O-O 7. O-O c6 8. h3
Qc7 9. d3 Re8 10. Be3 Nf8 11. f4 exf4 12. gxf4 Ng6 13. Qe1 Qa5 14. d4 Qh5 15.
Ng3 Qa5 16. e5 dxe5 17. fxe5 Nd7 18. Qf2 f6 19. Nce4 Qd8 20. Nh5 Rf8 21. exf6
Nxf6 22. Nhxf6+ Bxf6 23. Nxf6+ Rxf6 24. Qg3 Be6 25. Rxf6 Qxf6 26. Rf1 Qd8 27.
d5 cxd5 28. cxd5 Bf7 29. Rd1 Qd7 30. Bd4 Rd8 31. Bc3 Qd6 32. Qxd6 Rxd6 33. Be1
Rd7 34. Bg3 Ne7 35. d6 Nf5 36. Bf4 Be6 37. b3 Kf7 38. Be4 h6 39. Bxf5 Bxf5 40.
Kh2 a6 1/2-1/2

[Event "Cto Aragon Equipos 2016 Pref Gr II"]
[Site "Aragon"]
[Date "2016.02.20"]
[Round "4.57"]
[White "Sig Vargas, Marcos"]
[Black "Lopez Caudevilla, David"]
[Result "0-1"]
[WhiteElo "2118"]
[BlackElo "2031"]
[PlyCount "50"]
[EventDate "2016.01.30"]
[WhiteTeam "SMA Barbastro"]
[BlackTeam "Actur Rey Fernando"]

1. f4 Nf6 2. Nf3 g6 3. g3 Bg7 4. Bg2 O-O 5. O-O d5 6. d3 c5 7. Nc3 d4 8. Ne4
Nxe4 9. dxe4 Nc6 10. h3 e6 11. e3 b6 12. e5 Ba6 13. Re1 Rc8 14. Ng5 Nxe5 15.
exd4 Nc4 16. dxc5 Nxb2 17. Qxd8 Rfxd8 18. Rb1 Na4 19. c6 Bc3 20. Re3 Bd4 21.
Ne4 Nc5 22. Rb4 Nxe4 23. Bxe4 Bc5 24. Rb1 Rd1+ 25. Kf2 Rf1+ 0-1

[Event "Cto Aragon Equipos 2016 Pref Gr II"]
[Site "Aragon"]
[Date "2016.02.20"]
[Round "4.58"]
[White "Aviol Perez, Jose Mariano"]
[Black "Escuer Sanchez, Nestor"]
[Result "1/2-1/2"]
[WhiteElo "1821"]
[BlackElo "2066"]
[PlyCount "204"]
[EventDate "2016.01.30"]
[WhiteTeam "Actur Rey Fernando"]
[BlackTeam "SMA Barbastro"]

1. d4 e6 2. c4 Nf6 3. Nf3 b6 4. g3 Bb7 5. Bg2 Bb4+ 6. Bd2 Bxd2+ 7. Qxd2 O-O 8.
Nc3 d6 9. d5 e5 10. O-O Nh5 11. e4 Bc8 12. Nh4 g6 13. Qh6 Qf6 14. b4 a5 15. a3
Na6 16. Rab1 Bd7 17. Nf3 Qg7 18. Qxg7+ Kxg7 19. Ng5 h6 20. Bh3 Bxh3 21. Nxh3 f5
22. f3 axb4 23. axb4 Nf6 24. Nf2 Nh7 25. Nb5 Ng5 26. Kg2 Rac8 27. h4 Nh7 28.
Nd3 fxe4 29. fxe4 Nf6 30. Rfe1 Rf7 31. Ra1 Nb8 32. Ra7 Ne8 33. Rb7 c6 34. dxc6
Nxc6 35. Rxb6 g5 36. hxg5 hxg5 37. Ra1 g4 38. Raa6 Nxb4 39. Nxb4 Rxc4 40. Na3
Rxe4 41. Nac2 Re2+ 42. Kg1 Rff2 43. Ne1 Rf7 44. Nbc2 Ref2 45. Ne3 d5 46. Rg6+
Kf8 47. N3g2 Rb2 48. Rxg4 e4 49. Ra5 Nf6 50. Rf4 d4 51. g4 d3 52. Ne3 d2 53.
N1c2 Rxc2 54. Rf1 Nxg4 55. Ra8+ Kg7 56. Nd1 Rxf1+ 57. Kxf1 Kf6 58. Ke2 Ke5 59.
Rd8 e3 60. Nxe3 d1=Q+ 61. Kxd1 Nxe3+ 62. Ke1 Kf4 63. Rf8+ Nf5 64. Kd1 Rh2 65.
Ke1 Ke4 66. Re8+ Kd3 67. Rd8+ Nd4 68. Rd7 Re2+ 69. Kf1 Ra2 70. Rd8 Ke4 71. Re8+
Kf5 72. Rf8+ Ke5 73. Re8+ Ne6 74. Ke1 Rb2 75. Kd1 Rg2 76. Ke1 Ra2 77. Kd1 Kd5
78. Ke1 Nd4 79. Kf1 Kc4 80. Rd8 Kd3 81. Rd7 Ke3 82. Re7+ Kf4 83. Rf7+ Nf5 84.
Rf8 Ke4 85. Re8+ Kf3 86. Ke1 Nd6 87. Re6 Ne4 88. Kd1 Nc3+ 89. Kc1 Ne2+ 90. Kd1
Ra1+ 91. Kd2 Ra2+ 92. Kd1 Nc3+ 93. Kc1 Kf2 94. Re8 Ne2+ 95. Kd1 Nc3+ 96. Kc1
Kf3 97. Re7 Ne4 98. Re8 Ke3 99. Re7 Ra8 100. Kc2 Rc8+ 101. Kb3 Rc6 102. Re8
Rb6+ 1/2-1/2

[Event "Cto Aragon Equipos 2016 Pref Gr II"]
[Site "Aragon"]
[Date "2016.02.20"]
[Round "4.59"]
[White "Andreu Sin, Raul"]
[Black "Fernandez Sierra, Pedro Jose"]
[Result "1-0"]
[WhiteElo "2060"]
[BlackElo "1670"]
[PlyCount "73"]
[EventDate "2016.01.30"]
[WhiteTeam "SMA Barbastro"]
[BlackTeam "Actur Rey Fernando"]

1. d4 Nf6 2. c4 c5 3. d5 b5 4. cxb5 a6 5. b6 Qxb6 6. Nc3 d6 7. e4 g6 8. Be2 Bg7
9. Nf3 Nbd7 10. O-O O-O 11. Qc2 Ng4 12. Nd2 Nde5 13. h3 Nh6 14. f4 Nd7 15. Nc4
Qc7 16. Bd2 f5 17. Bd3 fxe4 18. Nxe4 Nb6 19. Ba5 Rb8 20. Kh2 Nf5 21. Rae1 Qa7
22. Bxb6 Rxb6 23. Nxb6 Qxb6 24. b3 c4 25. Qxc4 Ne3 26. Rxe3 Qxe3 27. Rf3 Qb6
28. Ng5 Bd4 29. Qc2 Bf5 30. Qe2 e5 31. dxe6 Bxd3 32. Qxd3 Rxf4 33. e7 Be5 34.
Kh1 Qb8 35. Rxf4 Bxf4 36. Qc4+ d5 37. Qxd5+ 1-0

[Event "Cto Aragon Equipos 2016 Pref Gr II"]
[Site "Aragon"]
[Date "2016.02.20"]
[Round "4.60"]
[White "Arbiol Val, Sergio"]
[Black "Avellanas Pau, Miguel Angel"]
[Result "1-0"]
[WhiteElo "1552"]
[BlackElo "1883"]
[PlyCount "91"]
[EventDate "2016.01.30"]
[WhiteTeam "Actur Rey Fernando"]
[BlackTeam "SMA Barbastro"]

1. e4 e5 2. Nf3 Nc6 3. Bb5 a6 4. Ba4 Nf6 5. O-O b5 6. Bb3 Be7 7. c3 d6 8. d3
Na5 9. Bc2 c5 10. d4 Qc7 11. a4 Bd7 12. b4 cxb4 13. dxe5 dxe5 14. cxb4 Bxb4 15.
Bg5 Be7 16. Qd3 O-O 17. Nc3 g6 18. axb5 Rfc8 19. Bxf6 Qxc3 20. Qxc3 Rxc3 21.
Bxe7 Bxb5 22. Rfc1 Nc6 23. Bf6 Re8 24. Bd1 Rxc1 25. Rxc1 h6 26. Rc5 Re6 27.
Bxe5 Nxe5 28. Nxe5 Rd6 29. Bb3 Be8 30. h3 Rb6 31. Ba2 Rb2 32. Ra5 Rb6 33. Bc4
Bb5 34. Bxf7+ Kg7 35. Bd5 Kf6 36. Nc4 Rb8 37. Ra3 Rc8 38. Rf3+ Ke7 39. Rf7+ Kd8
40. Rf8+ Kc7 41. Rxc8+ Kxc8 42. Nd6+ Kc7 43. Nxb5+ axb5 44. e5 Kd7 45. e6+ Kd6
46. Bb3 1-0

[Event "Cto Aragon Equipos 2016 Pref Gr II"]
[Site "Aragon"]
[Date "2016.02.20"]
[Round "4.61"]
[White "Accattato Martin, Mario"]
[Black "Fabre Perez, Jose Maria"]
[Result "1-0"]
[WhiteElo "2240"]
[BlackElo "2057"]
[PlyCount "49"]
[EventDate "2016.01.30"]
[WhiteTeam "Monzon"]
[BlackTeam "Marcos Frechin B"]

1. e4 e6 2. d4 d5 3. Nc3 Nf6 4. Bg5 Bb4 5. Nge2 h6 6. Bxf6 Qxf6 7. a3 Bxc3+ 8.
Nxc3 c5 9. dxc5 O-O 10. exd5 exd5 11. Qxd5 Bd7 12. O-O-O Qxf2 13. Qd4 Qf5 14.
Bd3 Qg5+ 15. Kb1 Bc6 16. h4 Qe7 17. Rhe1 Qc7 18. Nd5 Bxd5 19. Qxd5 Nc6 20. Qf5
g6 21. Qf6 Qg3 22. h5 Kh7 23. Rh1 Ne5 24. hxg6+ Nxg6 25. Rxh6+ 1-0

[Event "Cto Aragon Equipos 2016 Pref Gr II"]
[Site "Aragon"]
[Date "2016.02.20"]
[Round "4.62"]
[White "Sancho Cortes, Miguel Angel"]
[Black "Citoler Serrat, Adriano"]
[Result "1-0"]
[WhiteElo "2043"]
[BlackElo "1936"]
[PlyCount "97"]
[EventDate "2016.01.30"]
[WhiteTeam "Marcos Frechin B"]
[BlackTeam "Monzon"]

1. e4 c5 2. d4 cxd4 3. c3 dxc3 4. Nxc3 Nc6 5. Nf3 e6 6. Bc4 Nge7 7. Bg5 f6 8.
Be3 Ng6 9. O-O Be7 10. Nd4 a6 11. Bb3 O-O 12. f4 Na5 13. Rc1 Nxb3 14. Qxb3 Bc5
15. Na4 Ba7 16. Nf5 Bxe3+ 17. Nxe3 b5 18. Nc5 Kh8 19. f5 exf5 20. Nxf5 d6 21.
Ne6 Bxe6 22. Qxe6 Rc8 23. Rcd1 Qe8 24. Qd5 Qe5 25. Qb7 Qc5+ 26. Kh1 Rc7 27.
Qxa6 Ne5 28. Qxd6 Qxd6 29. Nxd6 Rc2 30. Nxb5 {????} Rxb2 31. a4 h5 32. h3 Rc8
33. Rc1 Ra8 34. Ra1 Rc8 35. Rac1 Ra8 36. Nc3 Nd3 37. Rb1 Rc2 38. Nd5 Rxa4 39.
Rf5 Kh7 40. Ne7 g6 41. Rxf6 Rxe4 42. Rb7 Re1+ 43. Kh2 Nc5 44. Ra7 Rxe7 45.
Rxe7+ Kh6 46. Rc6 Rc3 47. Rec7 Ne6 48. Rxc3 Nxc7 49. Rxc7 1-0

[Event "Cto Aragon Equipos 2016 Pref Gr II"]
[Site "Aragon"]
[Date "2016.02.20"]
[Round "4.63"]
[White "Hidalgo Gracia, Andres"]
[Black "Gaspar Calvo, Luis Alberto"]
[Result "0-1"]
[WhiteElo "1693"]
[BlackElo "1930"]
[PlyCount "122"]
[EventDate "2016.01.30"]
[WhiteTeam "Monzon"]
[BlackTeam "Marcos Frechin B"]

1. c4 e5 2. Nc3 Nc6 3. Nf3 f5 4. d3 Nf6 5. g3 Bb4 6. Bd2 d6 7. Bg2 O-O 8. O-O
Bxc3 9. Bxc3 Qe8 10. Nd2 f4 11. b4 Qh5 12. b5 Ne7 13. e4 Bg4 14. Bf3 Bxf3 15.
Qxf3 Ng4 16. Qh1 Rf6 17. h3 Rh6 18. Qg2 Qxh3 19. Qxh3 Rxh3 20. Kg2 Rh2+ 21. Kf3
h5 22. gxf4 exf4 23. Ke2 Rf8 24. Nf3 Rh3 25. a4 Rxf3 26. Kxf3 Nh2+ 27. Ke2 Nxf1
28. Rxf1 Kh7 29. Bd4 b6 30. a5 g5 31. axb6 cxb6 32. Ra1 Nc8 33. f3 Kg6 34. Bg1
g4 35. d4 g3 36. Kf1 Rf7 37. Kg2 Kg5 38. Ra3 h4 39. Kh3 Kh5 40. Ra2 Rc7 41. Rc2
Ne7 42. Kg2 d5 43. c5 dxe4 44. fxe4 bxc5 45. Kf3 c4 46. Kxf4 Ng6+ 47. Ke3 c3
48. d5 h3 49. d6 Rd7 50. e5 Nxe5 51. Kf4 Rxd6 52. Kxe5 Rd2 53. Rxc3 h2 54. Bxh2
gxh2 55. Rh3+ Kg4 56. Rh8 Kg3 57. Ke4 Rb2 58. Ke3 Rb3+ 59. Ke2 Rxb5 60. Rh7 a5
61. Rg7+ Kh4 0-1

[Event "Cto Aragon Equipos 2016 Pref Gr II"]
[Site "Aragon"]
[Date "2016.02.20"]
[Round "4.64"]
[White "Ruiperez Gumiel, Ramon"]
[Black "Garreta Nieto, Maria"]
[Result "0-1"]
[WhiteElo "1872"]
[BlackElo "1615"]
[PlyCount "52"]
[EventDate "2016.01.30"]
[WhiteTeam "Marcos Frechin B"]
[BlackTeam "Monzon"]

1. e4 c6 2. d4 d5 3. e5 Bf5 4. Nc3 e6 5. g4 Bg6 6. Nge2 c5 7. h4 cxd4 8. Nxd4
h5 9. Bb5+ Nd7 10. Bg5 Be7 11. f4 hxg4 12. Qxg4 Bxg5 13. fxg5 Bh5 14. Qh3 a6
15. Nxe6 fxe6 16. Qxe6+ Ne7 17. O-O axb5 18. b4 Qb6+ 19. Qxb6 Nxb6 20. Nxb5 Kd7
21. e6+ Kd8 22. Nd6 Ra6 23. Kg2 Nc4 24. Nf7+ Bxf7 25. Rxf7 g6 26. c3 Ne3+ 0-1

[Event "Cto Aragon Equipos 2016 Pref Gr II"]
[Site "Aragon"]
[Date "2016.02.20"]
[Round "4.65"]
[White "Faro Perella, Alberto"]
[Black "Felez Casedas, Carlos"]
[Result "0-1"]
[WhiteElo "1966"]
[BlackElo "2012"]
[PlyCount "54"]
[EventDate "2016.01.30"]
[WhiteTeam "Binefar"]
[BlackTeam "L'Aurora Estadilla B"]

1. d4 d5 2. Nf3 e6 3. e3 c6 4. Bd3 f5 5. O-O Nf6 6. b3 Bd6 7. Ba3 O-O 8. c4
Bxa3 9. Nxa3 Qe7 10. Qc1 Ne4 11. cxd5 cxd5 12. Nb5 Nc6 13. Ne5 Bd7 14. Nxd7
Qxd7 15. Bxe4 fxe4 16. Qa3 Rf6 17. Rac1 Raf8 18. Nc3 Rg6 19. Ne2 e5 20. dxe5
Nxe5 21. Ng3 h5 22. Qa5 h4 23. Rc7 Qe6 24. Ne2 b6 25. Qb5 a6 26. Qb4 Qh3 27.
Ng3 Nf3+ 0-1

[Event "Cto Aragon Equipos 2016 Pref Gr II"]
[Site "Aragon"]
[Date "2016.02.20"]
[Round "4.66"]
[White "Fuentes Espuna, Juan Antonio"]
[Black "Bayona Bafaluy, Jose Maria"]
[Result "1-0"]
[WhiteElo "1956"]
[BlackElo "1823"]
[PlyCount "73"]
[EventDate "2016.01.30"]
[WhiteTeam "L'Aurora Estadilla B"]
[BlackTeam "Binefar"]

1. d4 e6 2. c4 f5 3. Nf3 Nf6 4. Nc3 Bb4 5. Qb3 a5 6. Bd2 O-O 7. a3 Bxc3 8. bxc3
d6 9. g3 Ra6 10. Bg2 e5 11. dxe5 dxe5 12. Nxe5 Re8 13. Nf3 Rb6 14. Qa2 Qd3 15.
O-O Rxe2 16. Rad1 Be6 17. Qa1 Nbd7 18. Be3 Qxc4 19. Bxb6 cxb6 20. Nd4 Ra2 21.
Qc1 Bd5 22. Bxd5+ Qxd5 23. Qg5 g6 24. c4 Qc5 25. Ne6 Qc6 26. Rxd7 Qxe6 27. Rxb7
Re2 28. Qh6 Nd7 29. Ra7 Qe8 30. h4 Re7 31. h5 Qb8 32. Rxd7 Rxd7 33. hxg6 Qb7
34. Re1 Qa8 35. gxh7+ Rxh7 36. Qg6+ Kh8 37. Re8+ 1-0

[Event "Cto Aragon Equipos 2016 Pref Gr II"]
[Site "Aragon"]
[Date "2016.02.20"]
[Round "4.68"]
[White "Rodriguez Avellanas, Jose Manu"]
[Black "Vidaller De Pedro, Leon"]
[Result "0-1"]
[WhiteElo "1784"]
[BlackElo "1690"]
[PlyCount "64"]
[EventDate "2016.01.30"]
[WhiteTeam "L'Aurora Estadilla B"]
[BlackTeam "Binefar"]

1. c4 Nf6 2. Nc3 e6 3. g3 d5 4. cxd5 exd5 5. d4 c6 6. Bg2 Bb4 7. Bd2 O-O 8. Nf3
Re8 9. O-O Nbd7 10. a3 Ba5 11. b4 Bc7 12. Bg5 Nb6 13. Qc2 h6 14. Bxf6 Qxf6 15.
e3 Bf5 16. Qc1 Nc4 17. Re1 Re7 18. Nd2 Nd6 19. Ne2 Bb6 20. a4 a6 21. Qc3 Rae8
22. h3 Bg6 23. Rf1 Qg5 24. Nf4 Nf5 25. Nf3 Qf6 26. Nxg6 Qxg6 27. Ne5 Qd6 28.
Rab1 f6 29. Ng6 Rxe3 30. fxe3 Rxe3 31. Qc2 Nxd4 32. Qd1 Ne2+ 0-1

[Event "Cto Aragon Equipos 2016 Pref Gr II"]
[Site "Aragon"]
[Date "2016.02.20"]
[Round "4.69"]
[White "Cebollada Pacheco, Jesus Raul"]
[Black "Pes Mateo, Angel"]
[Result "1-0"]
[WhiteElo "2015"]
[BlackElo "1967"]
[PlyCount "53"]
[EventDate "2016.01.30"]
[WhiteTeam "St. Casablanca C"]
[BlackTeam "Delicias B"]

1. e4 c5 2. Nf3 d6 3. d4 Nf6 4. Nc3 cxd4 5. Nxd4 a6 6. Be3 e5 7. Nb3 Be6 8. Qd2
Nbd7 9. f3 h5 10. O-O-O Rc8 11. Kb1 b5 12. h3 Nb6 13. Qf2 Nc4 14. Bxc4 Rxc4 15.
Na5 Rxc3 16. Bb6 Qc8 17. bxc3 Qxc3 18. Qe3 Qb4+ 19. Nb3 Be7 20. g4 h4 21. Ba5
Qa4 22. Qc3 d5 23. exd5 b4 24. Qxe5 Nd7 25. Qc7 O-O 26. dxe6 Ne5 27. Qxe7 1-0

[Event "Cto Aragon Equipos 2016 Pref Gr II"]
[Site "Aragon"]
[Date "2016.02.20"]
[Round "4.70"]
[White "Sarrio Bambo, Pablo"]
[Black "Garcia Andres, Daniel"]
[Result "1-0"]
[WhiteElo "1848"]
[BlackElo "2001"]
[PlyCount "31"]
[EventDate "2016.01.30"]
[WhiteTeam "Delicias B"]
[BlackTeam "St. Casablanca C"]

1. d4 d5 2. c4 e6 3. Nc3 c5 4. cxd5 cxd4 5. Qxd4 Nc6 6. Qa4 exd5 7. Nf3 d4 8.
Nb5 Bd7 9. Bf4 Bb4+ 10. Nd2 Rc8 11. Nd6+ Bxd6 12. Bxd6 Qf6 13. Ba3 Nge7 14. Ne4
Qh6 15. Nd6+ Kd8 16. Nxf7+ 1-0

[Event "Cto Aragon Equipos 2016 Pref Gr II"]
[Site "Aragon"]
[Date "2016.02.20"]
[Round "4.71"]
[White "Abad Vinas, Jesus Manuel"]
[Black "Aranda Lozano, Jorge"]
[Result "1-0"]
[WhiteElo "1752"]
[BlackElo "1719"]
[PlyCount "43"]
[EventDate "2016.01.30"]
[WhiteTeam "St. Casablanca C"]
[BlackTeam "Delicias B"]

1. e4 c5 2. Nc3 d6 3. Bc4 e6 4. f4 Nf6 5. d3 Nc6 6. Nf3 Be7 7. O-O a6 8. Qe1
O-O 9. e5 dxe5 10. fxe5 Nd7 11. Qg3 Re8 12. Bh6 g6 13. Rae1 b5 14. Bb3 Nb6 15.
a3 Nd4 16. Nxd4 Qxd4+ 17. Be3 Qd7 18. Qf2 Bf8 19. Ne4 Bg7 20. Nxc5 Qc7 21. Ne4
Nd7 22. Qxf7+ 1-0

[Event "Cto Aragon Equipos 2016 Pref Gr II"]
[Site "Aragon"]
[Date "2016.02.20"]
[Round "4.72"]
[White "Sanchez Perez, Jose Felix"]
[Black "Ayensa Garcia, Miguel Angel"]
[Result "0-1"]
[WhiteElo "1578"]
[BlackElo "1505"]
[PlyCount "80"]
[EventDate "2016.01.30"]
[WhiteTeam "Delicias B"]
[BlackTeam "St. Casablanca C"]

1. e4 c5 2. Nc3 g6 3. Nf3 Bg7 4. d4 cxd4 5. Nxd4 Nc6 6. Nxc6 bxc6 7. Qf3 e6 8.
Be2 Qf6 9. Qg3 h6 10. O-O Qd8 11. e5 Ne7 12. Bd3 O-O 13. Be3 Qa5 14. Bd4 Ba6
15. a3 Bxd3 16. b4 Nf5 17. Qxd3 Qc7 18. Bc5 Rfd8 19. Bd6 Nxd6 20. exd6 Qb8 21.
Rad1 f5 22. Ne2 a5 23. c3 axb4 24. axb4 Qb5 25. Qf3 Ra2 26. Nf4 g5 27. Ng6 Qe2
28. Qh3 Qg4 29. Ne7+ Kh7 30. Qxg4 fxg4 31. f4 Bxc3 32. fxg5 hxg5 33. Rb1 Rd2
34. b5 cxb5 35. Rxb5 Kh6 36. Rc1 Bd4+ 37. Kh1 Rf8 38. Rb4 Rff2 39. Rg1 Rxg2 40.
Rxg2 Rd1+ 0-1

[Event "Cto Aragon Equipos 2016 D Honor Gr II"]
[Site "Aragon"]
[Date "2016.02.27"]
[Round "5.1"]
[White "Roche Simon, Manuel Angel"]
[Black "Del Rey, Diego"]
[Result "0-1"]
[WhiteElo "2143"]
[BlackElo "2388"]
[PlyCount "94"]
[EventDate "2016.??.??"]
[WhiteTeam "Delicias"]
[BlackTeam "El Olivar A"]

1. e4 e5 2. Nf3 Nc6 3. d4 exd4 4. Nxd4 Bc5 5. Nb3 Bb4+ 6. c3 Be7 7. Bf4 d6 8.
c4 Bf6 9. Qd2 a5 10. Be3 Nge7 11. Nc3 O-O 12. O-O-O a4 13. Nd4 a3 14. b3 Nxd4
15. Bxd4 Bxd4 16. Qxd4 Nc6 17. Qd2 Qf6 18. Kb1 Be6 19. h3 Nb4 20. f4 Bd7 21. g4
Bc6 22. Bg2 Qh4 23. Qe1 Qf6 24. Qg3 g6 25. h4 Rfe8 26. Rhe1 Qg7 27. g5 Re7 28.
Re2 Rae8 29. Red2 f5 30. gxf6 Qxf6 31. h5 Rg7 32. h6 Rf7 33. f5 Kh8 34. fxg6
Qxg6 35. Qxg6 hxg6 36. Nd5 Bxd5 37. cxd5 Na6 38. Rd4 Rf2 39. R1d2 Ref8 40. Kc2
Kh7 41. Kc3 Nc5 42. b4 Nd7 43. Kb3 Ne5 44. b5 Kxh6 45. Bh1 g5 46. Rd1 g4 47.
Kxa3 Ra8+ 0-1

[Event "Cto Aragon Equipos 2016 D Honor Gr II"]
[Site "Aragon"]
[Date "2016.02.27"]
[Round "5.2"]
[White "Chueca Forcen, Alberto"]
[Black "Naya Sancho, Jose Ignacio"]
[Result "1-0"]
[WhiteElo "2267"]
[BlackElo "2121"]
[PlyCount "113"]
[EventDate "2016.??.??"]
[WhiteTeam "El Olivar A"]
[BlackTeam "Delicias"]

1. d4 Nf6 2. Bf4 e6 3. Nf3 c5 4. c3 b6 5. e3 Bb7 6. Bd3 Be7 7. h3 O-O 8. O-O d6
9. Bh2 Nbd7 10. Qe2 cxd4 11. cxd4 Ne4 12. Nfd2 Ndf6 13. f3 Nxd2 14. Nxd2 d5 15.
a4 Bd6 16. g4 Bxh2+ 17. Kxh2 Qd6+ 18. f4 Ne4 19. Nxe4 dxe4 20. Ba6 Bxa6 21.
Qxa6 Qb4 22. Rf2 Qb3 23. Ra3 Qd1 24. Rc3 h5 25. gxh5 Qxh5 26. Rfc2 Kh7 27. Rc7
Qf3 28. Qe2 Qxe2+ 29. Rxe2 Rfc8 30. Rxf7 Kg6 31. Rd7 Kf6 32. d5 exd5 33. Rg2
Rg8 34. Rxd5 Rad8 35. Re5 Rge8 36. Rgg5 Rxe5 37. Rxe5 Rd2+ 38. Kg3 Rxb2 39.
Rxe4 a5 40. h4 Rb4 41. Kf3 Rb1 42. Rc4 b5 43. axb5 Rxb5 44. Rc6+ Kf7 45. Ra6
Rc5 46. e4 Rc3+ 47. Kg4 Rc4 48. e5 Rc5 49. Kf5 Rb5 50. Ra7+ Kg8 51. h5 Kf8 52.
h6 gxh6 53. Kf6 Kg8 54. e6 h5 55. f5 h4 56. Kg6 Kf8 57. f6 1-0

[Event "Cto Aragon Equipos 2016 D Honor Gr II"]
[Site "Aragon"]
[Date "2016.02.27"]
[Round "5.3"]
[White "Llanes Luno, Pedro Alfredo"]
[Black "Newrkla, Katharina"]
[Result "0-1"]
[WhiteElo "2103"]
[BlackElo "2210"]
[PlyCount "50"]
[EventDate "2016.??.??"]
[WhiteTeam "Delicias"]
[BlackTeam "El Olivar A"]

1. e4 c5 2. Nf3 d6 3. d4 cxd4 4. Nxd4 Nf6 5. Nc3 a6 6. Bg5 Nbd7 7. Bc4 Qb6 8.
Nb3 e6 9. Qe2 Be7 10. f4 Qc7 11. O-O-O b5 12. Bxb5 axb5 13. Nxb5 Qb8 14. Rhe1
Ba6 15. a4 Bxb5 16. axb5 e5 17. f5 Ra4 18. c4 Qc7 19. Nd2 O-O 20. g4 Nb6 21. b3
Ra2 22. Bxf6 Bxf6 23. Qe3 Qa7 24. Qc3 Qa3+ 25. Kb1 Na4 0-1

[Event "Cto Aragon Equipos 2016 D Honor Gr II"]
[Site "Aragon"]
[Date "2016.02.27"]
[Round "5.4"]
[White "Hernando Garcia, Antonio"]
[Black "Lamas Mercadal, Manuel"]
[Result "0-1"]
[WhiteElo "2164"]
[BlackElo "2084"]
[PlyCount "126"]
[EventDate "2016.??.??"]
[WhiteTeam "El Olivar A"]
[BlackTeam "Delicias"]

1. Nf3 g6 2. c4 Bg7 3. g3 e5 4. Nc3 Nc6 5. Bg2 f5 6. d3 d6 7. O-O h6 8. Rb1 Nf6
9. b4 O-O 10. b5 Ne7 11. a4 Be6 12. Qb3 Rc8 13. Nd2 b6 14. a5 g5 15. axb6 axb6
16. Ra1 Qe8 17. Bf3 h5 18. Ra7 h4 19. Bb2 hxg3 20. hxg3 f4 21. Nce4 Nxe4 22.
Nxe4 g4 23. Bh1 Qh5 24. Qd1 Nf5 25. Bc1 f3 26. Bb2 Nd4 27. Bxd4 exd4 28. Nd2
Rf6 29. Nxf3 gxf3 30. Bxf3 Qe5 31. Qa4 d5 32. cxd5 Bxd5 33. Bxd5+ Qxd5 34. Qa2
Qxa2 35. Rxa2 Rf5 36. Rb1 Rc5 37. Kg2 Rd8 38. Kf1 Rdd5 39. Rab2 Rh5 40. Kg2 Rh6
41. Ra2 Rch5 42. f4 Rh2+ 43. Kf3 Re6 44. Rc1 Re7 45. Rac2 Re3+ 46. Kg4 Rh6 47.
Rxc7 Rg6+ 48. Kf5 Rf6+ 49. Kg4 Rg6+ 50. Kf5 Rf6+ 51. Kg4 Rxe2 52. Rc8+ Rf8 53.
Rxf8+ Bxf8 54. Rc6 Bc5 55. Kf5 Re3 56. g4 Rxd3 57. Rc8+ Kf7 58. Rc7+ Ke8 59. g5
Rg3 60. Ke6 Re3+ 61. Kf6 d3 62. g6 d2 63. g7 Bd4+ 0-1